Detalles MARC
| 000 -LÍDER |
| Campo fijo de descripción fija |
01989nam a2200337 i 4500 |
| 001 - NÚMERO DE CONTROL |
| Campo de control |
768714001 |
| 003 - IDENTIFICADOR DEL NÚMERO DE CONTROL |
| Campo de control |
CO-MdFUSB |
| 005 - FECHA Y HORA DE LA ULTIMA TRANSACCIÓN |
| control field |
20211001144112.0 |
| 007 - CAMPO FIJO DE DESCRIPCIÓN FIJA--INFORMACIÓN GENERAL |
| Campo fijo de descripción fija |
ta |
| 008 - ELEMENTOS DE LONGITUD FIJA -- INFORMACIÓN GENERAL |
| Campo fijo de descripción fija -- Información general |
200608t2006 sp a|||| |||| 00| 0 spa d |
| 020 ## - NÚMERO INTERNACIONAL NORMALIZADO PARA LIBROS |
| Número Internacional Normalizado del libro |
9586929019 |
| 040 ## - FUENTE DE CATALOGACIÓN |
| Agencia de catalogación original |
CO-MdFUSB |
| Idioma de catalogación |
spa |
| Agencia que realiza la transcripción |
CO-MdFUSB |
| Agencia que realiza la modificación |
CO-MdFUSBC |
| Convenciones de la descripción |
rda |
| 041 ## - CÓDIGO DE IDIOMA |
| Código de idioma para texto/pista de sonido o título separado |
spa |
| 082 ## - NÚMERO DE CLASIFICACIÓN DECIMAL DEWEY |
| Número de la edición del Dewey |
23 |
| Número de clasificación |
128.4 |
| Clave de autor-Numero de item |
SI572 |
| 100 ## - ASIENTO PRINCIPAL--NOMBRE PERSONAL |
| Nombre personal |
Sierra Uribe, Gloria |
| Término relacionador |
autor |
| 245 1# - TÍTULO |
| Título del Material |
Para vivir los duelos |
| Parte restante del título - Subtitulo |
: cartografía emocional para la sanación de las pérdidas |
| Mención de responsabilidad, etc. |
/ Gloria Sierra Uribe |
| 250 ## - MENCIÓN DE EDICIÓN |
| Mención de edición |
Primera edición |
| 264 #1 - PRODUCCIÓN, PUBLICACIÓN, DISTRIBUCIÓN, MANUFACTURA, Y COPYRIGHT |
| Lugar de producción, publicación, distribución, manufactura |
Bogotá, Colombiana : |
| Nombre del productor, publicador, distribuidor |
San Pablo, |
| Fecha de producción, publicación, distribución, manufactura, o copyright |
[2006] |
| 264 #4 - PRODUCCIÓN, PUBLICACIÓN, DISTRIBUCIÓN, MANUFACTURA, Y COPYRIGHT |
| Fecha de producción, publicación, distribución, manufactura, o copyright |
2006 |
| 300 ## - DESCRIPCIÓN FÍSICA |
| Dimensiones |
105 páginas ; |
| Extensión |
21 cm |
| 336 ## - TIPO DE CONTENIDO |
| Fuente |
rdacontent |
| Término de tipo de contenido |
texto |
| Código de tipo de contenido |
txt |
| 337 ## - TIPO DE MEDIO |
| Fuente |
rdamedia |
| Nombre del tipo de medio |
sin mediación |
| Código del tipo de medio |
n |
| 338 ## - TIPO DE SOPORTE |
| Fuente |
rdacarrier |
| Nombre del tipo de soporte |
volumen |
| Código Tipo de soporte |
nc |
| 505 ## - NOTA DE CONTENIDO |
| Nota de contenido con formato preestablecido |
Reconocer el duelo -- Los caminos del dolor -- Cartografía de los duelos -- El tejido de sanación |
| 520 4# - NOTA DE RESUMEN, ETC. |
| Nota de sumario, etc. |
Es una puesta en escena del mundo interior cuando se hace necesario enfrentar lo inevitable. En el libro se debela, paso a paso, cada etapa de la vida y se muestra cómo desde la niñez nos vemos abocados a enfrentar los dolores. La autora analiza ampliamente las fases que se atraviesan cuando el luto toca nuestra puerta. Hace, en particular, un análisis detallado del dolor hecho síntomas y enfermedad, lo cual se refleja en el cuerpo. Éste es el mayor aporte del libro, pues con la cartografía emocional y su representación en el cuerpo, el lector podrá comprender qué es lo que duele cuando le duele el alma. Lo propuesta final es esperanzadora ya que sugiere un proceso de sanación, con ejercicios simples y amorosos. Dado que todos hemos vivido un duelo, el libro resulta valioso para todos los lectores, sin excepción. Se convierte, además. en una excelente guía para profesionales, amigos, familiares o facilitadores de grupos de duelo. |
| 563 ## - NOTA DE ENCUADERNACIÓN |
| Nota de encuadernación |
Rústico |
| 650 #7 - ASIENTO SECUNDARIO DE MATERIA - TERMINO TEMÁTICO |
| 9 (RLIN) |
282 |
| Término temático o nombre geográfico como elemento de entrada |
Dolor |
| 653 ## - TÉRMINO DE INDIZACIÓN - NO CONTROLADO |
| Término no controlado |
Psicología. |
| 942 ## - TIPO DE MATERIAL (KOHA) |
| Tipo de Item KOHA |
Libros General |
| 945 ## - INFORMACIÓN LOCAL DEL REGISTRO |
| Catalogador |
Dani |